| 000 | 00779nam a2200205 a 4500 | ||
|---|---|---|---|
| 001 | 3358 | ||
| 003 | CDMR | ||
| 005 | 20131128112253.0 | ||
| 008 | 130130s1989||||||||||||||||||||||||||||d | ||
| 020 | _a8439311370 | ||
| 040 |
_aCDMR _bcat _cCDMR |
||
| 100 | 1 |
_aRio, Amparo Del _92422 |
|
| 245 | 1 | 0 |
_aReptes per a les telecomunicacions i la televisió a Europa _b: mercat interior i liberalització a la Comunitat Europea _cAmparo del Río ; pròleg: Blanca Vilà |
| 260 |
_aBarcelona _c1989 _bGeneralitat de Catalunya. Centre d'Investigació de la Comunicació |
||
| 490 | 0 |
_aEstudis i Recerques _v3 |
|
| 650 | 0 | 4 |
_93092 _aIndústria audiovisual |
| 650 | 0 | 4 |
_91607 _aMitjans de comunicació de massa _zEuropa |
| 710 | 1 |
_9304 _aCentre d'Investigació de la Comunicació |
|
| 942 |
_cMON _2udc |
||
| 999 |
_c3358 _d3358 |
||